[Event "HUN-chT2 Barcza 1819"]
[Site "Hungary"]
[Date "2019.03.31"]
[Round "10.4"]
[White "Csatlos, Bela"]
[Black "Karacsony, Zsolt"]
[Result "1-0"]
[WhiteElo "2186"]
[BlackElo "2026"]
[PlyCount "63"]
[EventDate "2018.09.23"]
[EventType "team-tourn"]
[EventRounds "11"]
[EventCountry "HUN"]
[SourceTitle "EXT 2021"]
[Source "ChessBase"]
[SourceDate "2020.10.23"]
[SourceVersion "1"]
[SourceVersionDate "2020.10.23"]
[SourceQuality "1"]
[WhiteTeam "Kazincbarcika"]
[BlackTeam "Szirmabesenyo"]
[WhiteTeamCountry "HUN"]
[BlackTeamCountry "HUN"]

1. c4 Nf6 2. Nc3 Nc6 3. d4 e5 4. d5 Ne7 5. e4 Ng6 6. Nf3 Bb4 7. Qc2 Bxc3+ 8. bxc3 d6 9. h4 Nh5 10. Be2 0-0 11. Nxe5 Nhf4 12. Nxg6 fxg6 13. Bxf4 Rxf4 14. g3 Rf7 15. f4 Qf6 16. 0-0-0 Bd7 17. Qd3 Ba4 18. Rd2 c5 19. Bg4 Re7 20. Be6+ Kh8 21. Qe3 Rf8 22. e5 dxe5 23. fxe5 Qf3 24. Re1 b5 25. Qxf3 Rxf3 26. d6 Re8 27. Bd7 Rd8 28. Bxb5 Bxb5 29. cxb5 Rxc3+ 30. Kd1 Rc4 31. d7 Rd4 32. Rxd4 1-0

[Event "HUN-chT2 Barcza 1718"]
[Site "Hungary"]
[Date "2017.09.24"]
[Round "1.8"]
[White "Csatlos, Bela"]
[Black "Galko, Tibor"]
[Result "1/2-1/2"]
[WhiteElo "2180"]
[BlackElo "1901"]
[PlyCount "21"]
[EventDate "2017.09.24"]
[EventType "team-tourn"]
[EventRounds "11"]
[EventCountry "HUN"]
[SourceTitle "EXT 2021"]
[Source "ChessBase"]
[SourceDate "2020.10.23"]
[SourceVersion "1"]
[SourceVersionDate "2020.10.23"]
[SourceQuality "1"]
[WhiteTeam "Lillafured DVTK II"]
[BlackTeam "Edeleny"]
[WhiteTeamCountry "HUN"]
[BlackTeamCountry "HUN"]

1. c4 c5 2. Nc3 Nc6 3. Nf3 Nf6 4. g3 g6 5. Bg2 e5 6. d3 d6 7. Bg5 h6 8. Bxf6 Qxf6 9. Nd5 Qd8 10. Qb3 Bg7 11. a3 1/2-1/2

[Event "HUN-chT2 Maroczy 1516"]
[Site "Hungary"]
[Date "2016.02.28"]
[Round "6.12"]
[White "Csatlos, Bela"]
[Black "Csiki, Endre"]
[Result "1-0"]
[WhiteElo "2194"]
[BlackElo "1896"]
[PlyCount "57"]
[EventDate "2015.10.18"]
[EventType "team-tourn"]
[EventRounds "9"]
[EventCountry "HUN"]
[SourceTitle "EXT 2017"]
[Source "ChessBase"]
[SourceDate "2016.10.25"]
[SourceVersion "1"]
[SourceVersionDate "2016.10.25"]
[SourceQuality "1"]
[WhiteTeam "DVTK EMSE"]
[BlackTeam "Kisujszallas"]
[WhiteTeamCountry "HUN"]
[BlackTeamCountry "HUN"]

1. d4 e6 2. Nf3 Nf6 3. g3 b5 4. Bg2 Bb7 5. 0-0 Be7 6. Nbd2 c5 7. c4 b4 8. Qc2 cxd4 9. Nxd4 Bxg2 10. Kxg2 0-0 11. e4 d5 12. cxd5 exd5 13. e5 Nfd7 14. N2f3 Nc5 15. Qf5 Qd7 16. Qh5 Nc6 17. Rd1 Ne4 18. Be3 g6 19. Qh6 Rfe8 20. e6 fxe6 21. Nxc6 Qxc6 22. Ne5 Qc7 23. Nxg6 hxg6 24. Qxg6+ Kh8 25. Qh6+ Kg8 26. Qxe6+ Kh7 27. Qf7+ Kh8 28. Bd4+ Nf6 29. Bxf6+ 1-0

[Event "HUN-chT2 Barcza 1415"]
[Site "Hungary"]
[Date "2014.11.16"]
[Round "?"]
[White "Kiss, Gergo"]
[Black "Csatlos, Bela"]
[Result "0-1"]
[WhiteElo "1887"]
[BlackElo "2152"]
[PlyCount "128"]
[EventDate "2014.09.07"]
[EventType "team-tourn"]
[EventRounds "11"]
[EventCountry "HUN"]
[SourceTitle "EXT 2016"]
[Source "ChessBase"]
[SourceDate "2015.10.08"]
[SourceVersion "1"]
[SourceVersionDate "2015.10.08"]
[SourceQuality "1"]
[WhiteTeam "Piremon"]
[BlackTeam "Kazincbarcika"]
[WhiteTeamCountry "HUN"]
[BlackTeamCountry "HUN"]

1. d4 e6 2. c4 d5 3. Nf3 Be7 4. Nbd2 Nf6 5. g3 Nbd7 6. Bg2 c6 7. Qc2 0-0 8. 0-0 Qc7 9. Re1 b6 10. e4 dxe4 11. Nxe4 Nxe4 12. Qxe4 Nf6 13. Qe2 Bb7 14. Bf4 Bd6 15. Bxd6 Qxd6 16. Rad1 c5 17. dxc5 Qxc5 18. Ne5 Bxg2 19. Kxg2 Rad8 20. b3 h5 21. Nf3 a6 22. Rd2 Rxd2 23. Qxd2 b5 24. Rc1 Rc8 25. b4 Qc6 26. c5 e5 27. Qe2 e4 28. Ng5 Qd5 29. Nh3 g5 30. Qe3 g4 31. Qg5+ Qxg5 32. Nxg5 Rc6 33. Re1 Kg7 34. Kf1 a5 35. a3 axb4 36. axb4 Nd5 37. Rxe4 Kg6 38. Rd4 Nxb4 39. Rxb4 Kxg5 40. Rxb5 Kf5 41. Ke2 Ke4 42. Rb4+ Kd5 43. Rf4 f6 44. Rf5+ Ke4 45. Rf4+ Ke5 46. Rc4 Kd5 47. Rc1 Kd4 48. f3 f5 49. f4 Rxc5 50. Rd1+ Ke4 51. Rd2 h4 52. Ra2 Rc4 53. Rb2 h3 54. Kd1 Kf3 55. Ra2 Rc5 56. Rb2 Ra5 57. Kd2 Ra3 58. Kd1 Ra1+ 59. Kd2 Rf1 60. Rb3+ Kg2 61. Re3 Kxh2 62. Ke2 Rxf4 63. gxf4 g3 64. Kf3 g2 0-1

[Event "HUN-chT2 Barcza 1213"]
[Site "Hungary"]
[Date "2013.03.24"]
[Round "9.11"]
[White "Kassay, Lilla"]
[Black "Csatlos, Bela"]
[Result "1-0"]
[WhiteElo "1689"]
[BlackElo "2159"]
[PlyCount "129"]
[EventDate "2012.09.16"]
[EventType "team-tourn"]
[EventRounds "11"]
[EventCountry "HUN"]
[SourceTitle "EXT 2014"]
[Source "ChessBase"]
[SourceDate "2013.11.20"]
[SourceVersion "1"]
[SourceVersionDate "2013.11.20"]
[SourceQuality "1"]
[WhiteTeam "Miskolc Kisbocsok"]
[BlackTeam "Kazincbarcika"]
[WhiteTeamCountry "HUN"]
[BlackTeamCountry "HUN"]

1. e4 e5 2. Nf3 Nc6 3. Bc4 Be7 4. c3 d6 5. d3 Bf6 6. Bb3 Nge7 7. Nbd2 Ng6 8. Nf1 0-0 9. h3 Na5 10. Bc2 c5 11. g4 Nh4 12. Rg1 Nxf3+ 13. Qxf3 Bg5 14. Bxg5 Qxg5 15. Ne3 Be6 16. Qg3 b5 17. h4 Qf4 18. Ke2 c4 19. d4 Qxg3 20. Rxg3 exd4 21. cxd4 Rac8 22. f4 Nc6 23. d5 Nd4+ 24. Kd2 Nxc2 25. Nxc2 Bd7 26. Re1 f6 27. a3 a5 28. Kc3 Rb8 29. Nd4 b4+ 30. axb4 Rxb4 31. Ra1 Rfb8 32. Rg2 a4 33. g5 fxg5 34. hxg5 Kf7 35. e5 dxe5 36. fxe5 Ke7 37. Rf2 R4b6 38. d6+ Ke8 39. Raf1 Rb3+ 40. Nxb3 Rxb3+ 41. Kc2 Be6 42. Rf3 Rb5 43. Re1 g6 44. Ra3 Ra5 45. Kc3 Kd7 46. Kb4 Ra7 47. Rxa4 Rb7+ 48. Kc3 Rb3+ 49. Kc2 Bf5+ 50. Kc1 c3 51. bxc3 Rxc3+ 52. Kb2 Rc2+ 53. Kb3 Rd2 54. Ra7+ Kd8 55. Rxh7 Rd5 56. Re7 Rd2 57. Rh1 Rd3+ 58. Kc4 Rh3 59. Rxh3 Bxh3 60. Kc5 Bf5 61. e6 Bg4 62. Kd5 Bf3+ 63. Ke5 Bc6 64. Rg7 Be8 65. Rg8 1-0

[Event "HUN-chT2 Barcza 1213"]
[Site "Hungary"]
[Date "2012.09.16"]
[Round "1.6"]
[White "Csatlos, Bela"]
[Black "Molnar, Janos"]
[Result "1-0"]
[WhiteElo "2171"]
[BlackElo "2109"]
[PlyCount "125"]
[EventDate "2012.09.16"]
[EventType "team-tourn"]
[EventRounds "11"]
[EventCountry "HUN"]
[SourceTitle "EXT 2014"]
[Source "ChessBase"]
[SourceDate "2013.11.20"]
[SourceVersion "1"]
[SourceVersionDate "2013.11.20"]
[SourceQuality "1"]
[WhiteTeam "Kazincbarcika"]
[BlackTeam "Piremon"]
[WhiteTeamCountry "HUN"]
[BlackTeamCountry "HUN"]

1. d4 Nf6 2. Nf3 g6 3. c4 Bg7 4. Nc3 0-0 5. e4 d6 6. h3 Nc6 7. Be3 e5 8. d5 Ne7 9. c5 Ne8 10. Nd2 h6 11. Be2 Kh7 12. 0-0 f5 13. f3 f4 14. Bf2 g5 15. Nc4 Rf7 16. Qa4 Bf8 17. cxd6 cxd6 18. Bxa7 Bd7 19. Bb6 Bxa4 20. Bxd8 Rxd8 21. Nxa4 b5 22. Nxe5 dxe5 23. Bxb5 Nd6 24. Bd3 Rb8 25. b3 Nec8 26. Nc5 Nb7 27. Ne6 Ba3 28. b4 Bxb4 29. Rab1 Nc5 30. Rxb4 Rxb4 31. Nxc5 Ra7 32. Rf2 Nd6 33. Kh2 Kg8 34. Bf1 Rb1 35. a4 Kf7 36. Bd3 Rc1 37. Na6 Nc4 38. Bxc4 Rxc4 39. Nb8 Raxa4 40. Nd7 Rc1 41. Nxe5+ Ke7 42. Nd3 Rc3 43. Ne5 Ra1 44. h4 Rcc1 45. Kh3 h5 46. g4 Rh1+ 47. Rh2 hxg4+ 48. Nxg4 Rag1 49. hxg5 Rg3+ 50. Kh4 Rxg4+ 51. Kxg4 Rxh2 52. Kxf4 Rg2 53. Kf5 Rg1 54. f4 Rg2 55. g6 Rg1 56. e5 Rg2 57. d6+ Ke8 58. Kf6 Rg1 59. f5 Rg2 60. g7 Rg1 61. e6 Rg2 62. d7+ Kd8 63. Kf7 1-0

[Event "HUN-chT2 Maroczy 1112"]
[Site "Hungary"]
[Date "2011.10.30"]
[Round "2"]
[White "Csatlos, Bela"]
[Black "Peczely, Sebastian Zsombor"]
[Result "1-0"]
[WhiteElo "2209"]
[BlackElo "2024"]
[PlyCount "85"]
[EventDate "2011.09.25"]
[EventType "team-tourn"]
[EventRounds "11"]
[EventCountry "HUN"]
[SourceTitle "EXT 2013"]
[Source "ChessBase"]
[SourceDate "2012.11.22"]
[SourceVersion "1"]
[SourceVersionDate "2012.11.22"]
[SourceQuality "1"]
[WhiteTeam "Kazincbarcika"]
[BlackTeam "Roszke"]
[WhiteTeamCountry "HUN"]
[BlackTeamCountry "HUN"]

1. d4 d5 2. Nf3 Nf6 3. c4 e6 4. Bg5 c6 5. e3 Be7 6. Nc3 Nbd7 7. cxd5 exd5 8. Bd3 0-0 9. Qc2 h6 10. Bf4 Nh5 11. Bg3 Nxg3 12. hxg3 Nf6 13. a3 Bd6 14. 0-0 Bg4 15. b4 Re8 16. b5 Bxf3 17. gxf3 Nh5 18. e4 Bxg3 19. fxg3 Nxg3 20. Rf2 dxe4 21. Nxe4 Qxd4 22. Ra2 Nxe4 23. Bxe4 cxb5 24. Qb3 Re5 25. Rad2 Rg5+ 26. Kf1 Qc4+ 27. Qxc4 bxc4 28. Rd7 Rb8 29. Rfd2 g6 30. Rc7 b5 31. Rdd7 Rf8 32. Rxa7 h5 33. Kf2 h4 34. Bd5 Rf5 35. Rac7 g5 36. Kg2 Kg7 37. Kh3 Rf4 38. Rc5 Kg6 39. Rxb5 c3 40. Rc5 f5 41. Rc6+ Rf6 42. Bf7+ Kg7 43. Bh5+ 1-0

[Event "HUN-chT2 Barcza 1011"]
[Site "Hungary"]
[Date "2010.10.10"]
[Round "3.2"]
[White "Csatlos, Bela"]
[Black "Korpas, Zoltan"]
[Result "1-0"]
[WhiteElo "2165"]
[BlackElo "2153"]
[PlyCount "75"]
[EventDate "2010.09.12"]
[EventType "team-tourn"]
[EventRounds "11"]
[EventCountry "HUN"]
[SourceTitle "EXT 2012"]
[Source "ChessBase"]
[SourceDate "2011.11.24"]
[SourceVersion "1"]
[SourceVersionDate "2011.11.24"]
[SourceQuality "1"]
[WhiteTeam "Kazincbarcika"]
[BlackTeam "Balkany"]
[WhiteTeamCountry "HUN"]
[BlackTeamCountry "HUN"]

1. c4 Nf6 2. Nc3 e5 3. g3 d6 4. Bg2 c6 5. d3 Be7 6. Rb1 0-0 7. b4 d5 8. cxd5 Nxd5 9. Nxd5 cxd5 10. Nf3 Qd6 11. 0-0 h6 12. Bb2 Bf6 13. e4 d4 14. Nd2 Be6 15. a3 Bd8 16. f4 f6 17. Nc4 Bxc4 18. dxc4 Qe6 19. fxe5 fxe5 20. Rxf8+ Kxf8 21. Qh5 Bf6 22. Rf1 Qe8 23. Qxe8+ Kxe8 24. Bxd4 Nc6 25. Be3 Rd8 26. b5 Na5 27. Rc1 b6 28. c5 Nb3 29. Rc3 Nxc5 30. Bxc5 bxc5 31. Rxc5 Rd3 32. a4 Ra3 33. Rc8+ Bd8 34. Ra8 Rxa4 35. b6 Rb4 36. bxa7 Ra4 37. Bf1 Rxa7 38. Bb5+ 1-0

[Event "HUN-chT2 Barcza 1011"]
[Site "Hungary"]
[Date "2010.09.12"]
[Round "1.2"]
[White "Ag, Norbert"]
[Black "Csatlos, Bela"]
[Result "1/2-1/2"]
[WhiteElo "2241"]
[BlackElo "2165"]
[PlyCount "93"]
[EventDate "2010.09.12"]
[EventType "team-tourn"]
[EventRounds "11"]
[EventCountry "HUN"]
[SourceTitle "EXT 2012"]
[Source "ChessBase"]
[SourceDate "2011.11.24"]
[SourceVersion "1"]
[SourceVersionDate "2011.11.24"]
[SourceQuality "1"]
[WhiteTeam "DEAC"]
[BlackTeam "Kazincbarcika"]
[WhiteTeamCountry "HUN"]
[BlackTeamCountry "HUN"]

1. Nf3 Nf6 2. d4 g6 3. g3 Bg7 4. Bg2 0-0 5. 0-0 c6 6. c4 d6 7. Nc3 Nbd7 8. e4 e5 9. d5 cxd5 10. cxd5 b5 11. a3 a5 12. Ne1 Nc5 13. Nd3 Bd7 14. Nxc5 dxc5 15. Re1 Qb6 16. Bf1 Rfc8 17. b3 Ne8 18. a4 b4 19. Nb1 Nd6 20. Nd2 Re8 21. Nc4 Nxc4 22. Bxc4 Qd6 23. Qe2 f5 24. f3 f4 25. Rf1 g5 26. g4 h5 27. h3 hxg4 28. hxg4 Kf7 29. Kf2 Rh8 30. Ke1 Rh3 31. Kd2 Rah8 32. Kc2 Rh2 33. Rf2 Rxf2 34. Qxf2 Bf8 35. Bd2 Rh3 36. Rf1 Ke8 37. Qe2 Kd8 38. Rf2 Kc7 39. Bc1 Kb6 40. Bb2 Bg7 41. Bb5 Bc8 42. Kb1 Rh1+ 43. Ka2 Rh3 44. Qd1 Bf8 45. Rf1 Bg7 46. Rh1 Rh4 47. Rf1 1/2-1/2

[Event "HUN-chT2 Barcza 0910"]
[Site "Hungary"]
[Date "2010.05.02"]
[Round "11.12"]
[White "Csatlos, Bela"]
[Black "Jankovics, Laszlo"]
[Result "1-0"]
[WhiteElo "2189"]
[BlackElo "1404"]
[PlyCount "39"]
[EventDate "2009.11.08"]
[EventType "team-tourn"]
[EventRounds "11"]
[EventCountry "HUN"]
[SourceTitle "EXT 2011"]
[Source "ChessBase"]
[SourceDate "2010.11.26"]
[SourceVersion "1"]
[SourceVersionDate "2010.11.26"]
[SourceQuality "1"]
[WhiteTeam "Kazincbarcika"]
[BlackTeam "SSASSE"]
[WhiteTeamCountry "HUN"]
[BlackTeamCountry "HUN"]

1. e4 e5 2. Nc3 Nf6 3. f4 Nc6 4. fxe5 Nxe5 5. d4 Ng6 6. e5 Ng8 7. Nf3 f6 8. Bc4 fxe5 9. 0-0 exd4 10. Nd5 Be7 11. Re1 c6 12. Nxe7 N8xe7 13. Bg5 d5 14. Bd3 0-0 15. Bxg6 hxg6 16. Bxe7 Qe8 17. Bxf8 Qxf8 18. Qxd4 Qf6 19. Qxf6 gxf6 20. Re8+ 1-0

[Event "HUN-chT2 Barcza 0910"]
[Site "Hungary"]
[Date "2010.02.28"]
[Round "7.1"]
[White "Dobai, Szabolcs"]
[Black "Csatlos, Bela"]
[Result "1-0"]
[WhiteElo "2171"]
[BlackElo "2189"]
[PlyCount "65"]
[EventDate "2009.11.08"]
[EventType "team-tourn"]
[EventRounds "11"]
[EventCountry "HUN"]
[SourceTitle "EXT 2011"]
[Source "ChessBase"]
[SourceDate "2010.11.26"]
[SourceVersion "1"]
[SourceVersionDate "2010.11.26"]
[SourceQuality "1"]
[WhiteTeam "Miskolc"]
[BlackTeam "Kazincbarcika"]
[WhiteTeamCountry "HUN"]
[BlackTeamCountry "HUN"]

1. d4 d5 2. c4 e6 3. Nf3 Be7 4. g3 c6 5. Qc2 Nd7 6. Bg2 Ngf6 7. 0-0 0-0 8. Nbd2 b6 9. e4 dxe4 10. Nxe4 Bb7 11. Bf4 Nxe4 12. Qxe4 Nf6 13. Qe2 Qc8 14. a3 a5 15. Rfe1 Ra7 16. Qc2 Ba8 17. c5 bxc5 18. dxc5 Nd5 19. Bd2 Bf6 20. Bg5 a4 21. Bxf6 Nxf6 22. Ne5 Qa6 23. Rad1 Nd5 24. Rd4 f6 25. Nc4 e5 26. Rh4 g5 27. Rh5 Qb5 28. Nd6 Qb3 29. Qf5 Qxb2 30. Be4 Qc3 31. Rf1 Qxc5 32. Rxh7 Ne7 33. Rh8+ 1-0

[Event "HUN-chT2 Barcza 0910"]
[Site "Hungary"]
[Date "2009.11.22"]
[Round "2.1"]
[White "Csatlos, Bela"]
[Black "Cselenyi, Balazs"]
[Result "1-0"]
[WhiteElo "2189"]
[BlackElo "2245"]
[PlyCount "81"]
[EventDate "2009.11.08"]
[EventType "team-tourn"]
[EventRounds "11"]
[EventCountry "HUN"]
[SourceTitle "EXT 2011"]
[Source "ChessBase"]
[SourceDate "2010.11.26"]
[SourceVersion "1"]
[SourceVersionDate "2010.11.26"]
[SourceQuality "1"]
[WhiteTeam "Kazincbarcika"]
[BlackTeam "Debrecen Sakkbaratok"]
[WhiteTeamCountry "HUN"]
[BlackTeamCountry "HUN"]

1. d4 Nf6 2. Nf3 g6 3. c4 Bg7 4. Nc3 0-0 5. Bg5 d6 6. e3 c5 7. Be2 Nc6 8. 0-0 Bg4 9. Bxf6 exf6 10. d5 Bxf3 11. gxf3 Ne7 12. f4 f5 13. Bd3 Re8 14. Qc2 Kh8 15. a3 Rc8 16. Rab1 a6 17. Qa4 Ng8 18. Rfd1 Nf6 19. Be2 Ne4 20. Nxe4 fxe4 21. b4 g5 22. f5 g4 23. bxc5 Be5 24. Rxb7 Qh4 25. Kf1 Qxh2 26. Ke1 g3 27. fxg3 Bxg3+ 28. Kd2 Qh6 29. cxd6 Bxd6 30. c5 Be5 31. Qxa6 Qg5 32. Qc4 Qxf5 33. Rf1 Qg6 34. Rfxf7 Rcd8 35. Rxh7+ Qxh7 36. Rxh7+ Kxh7 37. Qxe4+ Kg7 38. Qg4+ Kf7 39. Qf5+ Kg7 40. Qg5+ Kf8 41. d6 1-0

[Event "HUN-chT2 Barcza 0809"]
[Site "Hungary"]
[Date "2008.11.02"]
[Round "2.3"]
[White "Nadasi, Endre"]
[Black "Csatlos, Bela"]
[Result "0-1"]
[WhiteElo "1962"]
[BlackElo "2193"]
[PlyCount "72"]
[EventDate "2008.10.26"]
[EventType "team-tourn"]
[EventRounds "11"]
[EventCountry "HUN"]
[SourceTitle "EXT 2010"]
[Source "ChessBase"]
[SourceDate "2010.11.25"]
[SourceVersion "1"]
[SourceVersionDate "2010.11.25"]
[SourceQuality "1"]
[WhiteTeam "Debrecen Betu"]
[BlackTeam "Kazincbarcika II"]
[WhiteTeamCountry "HUN"]
[BlackTeamCountry "HUN"]

1. c4 e6 2. Nc3 b6 3. Nf3 Bb7 4. d4 Bb4 5. e3 f5 6. a3 Bxc3+ 7. bxc3 Nf6 8. Qc2 d6 9. Bd3 0-0 10. 0-0 Nbd7 11. Re1 g6 12. Ng5 Qe7 13. e4 h6 14. exf5 hxg5 15. fxe6 Nh7 16. Bxg6 Ndf6 17. h4 gxh4 18. Bh6 h3 19. f3 Kh8 20. Bxf8 Rxf8 21. d5 Rg8 22. g3 Ba6 23. Kf2 Qg7 24. e7 Ne8 25. Bxh7 Qxg3+ 26. Ke3 Qg5+ 27. Kd4 c5+ 28. dxc6 Qc5+ 29. Kd3 Bxc4+ 30. Kd2 Rg2+ 31. Kc1 Rxc2+ 32. Bxc2 Bd5 33. Kb2 Qb5+ 34. Kc1 Qxc6 35. Kd2 Bxf3 36. Re3 h2 0-1